| 000 | 00398nam a22001337a 4500 | ||
|---|---|---|---|
| 082 |
_a551.48 _bSUB. _cL-18, P-20. |
||
| 100 |
_aSubramanys, K. _940357 |
||
| 245 |
_aEngineering hydrology. _cK Subramanya |
||
| 260 |
_aNew Delhi: _bTata McGraw- Hill Publishing Company Limited, _c1984. |
||
| 300 | _axii, 316 p,: | ||
| 526 |
_a0 _b0 _c0 _d551_480000000000000_SUB |
||
| 650 |
_aMCE _9379 |
||
| 942 |
_2ddc _cBK |
||
| 999 |
_c544680 _d544680 |
||